[Event "37th Reykjavik op"]
[Site "Reykjavik ISL"]
[Date "2024.03.18"]
[Round "6.19"]
[White "Karamsetty, Jeevan"]
[Black "Stefansson, Hannes"]
[WhiteElo "2187"]
[BlackElo "2481"]
[Result "0-1"]
[EventDate "2024.03.15"]
[PlyCount "158"]

1. e4 { [%eval 0.13] [%clk 1:26:55] } 1... c5 { [%eval 0.33] [%clk 1:30:33] } 2. Nc3 { [%eval 0.24] [%clk 1:27:06] } 2... Nc6 { [%eval 0.41] [%clk 1:30:32] } 3. Bb5 { [%eval 0.0] [%clk 1:27:21] } 3... Nd4 { [%eval 0.0] [%clk 1:30:27] } 4. Bc4 { [%eval 0.0] [%clk 1:27:42] } 4... a6 { [%eval 0.0] [%clk 1:29:39] } 5. a4 { [%eval -0.12] [%clk 1:27:56] } 5... e6 { [%eval 0.0] [%clk 1:28:57] } 6. Nge2 { [%eval -0.03] [%clk 1:28:14] } 6... Nf6 { [%eval 0.0] [%clk 1:26:50] } 7. O-O { [%eval 0.0] [%clk 1:28:15] } 7... Qc7 { [%eval 0.13] [%clk 1:25:07] } 8. d3 { [%eval 0.07] [%clk 1:28:03] } 8... Be7 { [%eval 0.25] [%clk 1:20:57] } 9. Nxd4 { [%eval 0.12] [%clk 1:21:33] } 9... cxd4 { [%eval 0.04] [%clk 1:21:05] } 10. Ne2 { [%eval 0.0] [%clk 1:21:56] } 10... Nxe4 { [%eval -0.04] [%clk 1:16:03] } 11. dxe4 { [%eval -0.07] [%clk 1:19:17] } 11... Qxc4 { [%eval -0.01] [%clk 1:16:19] } 12. Nxd4 { [%eval 0.0] [%clk 1:18:28] } 12... Bf6 { [%eval 0.1] [%clk 1:13:58] } 13. c3 { [%eval -0.11] [%clk 1:10:04] } 13... b6 { [%eval 0.17] [%clk 1:09:59] } 14. Bf4 { [%eval 0.2] [%clk 1:04:27] } 14... Bb7 { [%eval 0.26] [%clk 1:06:47] } 15. Re1 { [%eval 0.33] [%clk 1:01:40] } 15... O-O { [%eval 0.26] [%clk 1:04:54] } 16. Bd6 { [%eval 0.22] [%clk 0:59:34] } 16... Rfe8 { [%eval 0.23] [%clk 1:04:15] } 17. Rc1 { [%eval -0.04] [%clk 0:57:43] } 17... Bxe4 { [%eval 0.0] [%clk 0:59:36] } 18. Rxe4 { [%eval -0.01] [%clk 0:49:14] } 18... Qd5 { [%eval -0.05] [%clk 1:00:01] } 19. Nxe6 { [%eval -0.1] [%clk 0:42:53] } 19... Qxe4 { [%eval -0.07] [%clk 0:58:53] } 20. Nc7 { [%eval -0.09] [%clk 0:43:06] } 20... Rac8 { [%eval -0.08] [%clk 0:58:48] } 21. Nxe8 { [%eval -0.08] [%clk 0:41:46] } 21... Rxe8 { [%eval -0.11] [%clk 0:59:13] } 22. Ra1 { [%eval -0.3] [%clk 0:35:26] } 22... h5 { [%eval -0.16] [%clk 0:49:48] } 23. h3 { [%eval -0.14] [%clk 0:34:06] } 23... Re6 { [%eval -0.18] [%clk 0:44:31] } 24. Bc7 { [%eval -0.34] [%clk 0:28:47] } 24... Qf5 { [%eval -0.01] [%clk 0:41:38] } 25. Qf1 { [%eval -0.05] [%clk 0:19:00] } 25... Rc6 { [%eval -0.06] [%clk 0:37:51] } 26. Bb8 { [%eval -0.04] [%clk 0:14:59] } 26... Qc2 { [%eval -0.03] [%clk 0:37:42] } 27. Re1 { [%eval -0.3] [%clk 0:06:57] } 27... Rc8 { [%eval -0.12] [%clk 0:36:25] } 28. Be5 { [%eval -0.11] [%clk 0:05:57] } 28... Bxe5 { [%eval -0.14] [%clk 0:35:35] } 29. Rxe5 { [%eval -0.2] [%clk 0:06:23] } 29... Qxb2 { [%eval -0.21] [%clk 0:35:30] } 30. Qxa6 { [%eval -0.17] [%clk 0:04:51] } 30... Qxc3 { [%eval -0.25] [%clk 0:32:49] } 31. Qe2 { [%eval -0.37] [%clk 0:04:29] } 31... Qc1+ { [%eval -0.19] [%clk 0:27:54] } 32. Kh2 { [%eval -0.21] [%clk 0:04:43] } 32... Qc7 { [%eval -0.12] [%clk 0:27:24] } 33. g3 { [%eval -0.25] [%clk 0:04:19] } 33... g6 { [%eval -0.21] [%clk 0:27:31] } 34. Qe3 { [%eval -0.74] [%clk 0:04:02] } 34... h4 { [%eval -0.72] [%clk 0:26:49] } 35. Qf4 { [%eval -0.6] [%clk 0:01:40] } 35... hxg3+ { [%eval -0.71] [%clk 0:27:06] } 36. Qxg3 { [%eval -0.76] [%clk 0:01:24] } 36... Qc6 { [%eval -0.66] [%clk 0:24:41] } 37. Qf4 { [%eval -0.69] [%clk 0:01:18] } 37... Kg7 { [%eval -0.32] [%clk 0:15:31] } 38. Rb5 { [%eval -0.32] [%clk 0:01:29] } 38... Kg8 { [%eval -0.32] [%clk 0:12:33] } 39. Qd4 { [%eval -0.37] [%clk 0:01:08] } 39... Qc7+ { [%eval -0.37] [%clk 0:11:34] } 40. Kg1 { [%eval -0.46] [%clk 0:00:45] } 40... Qc1+ { [%eval -0.31] [%clk 0:08:53] } 41. Kg2 { [%eval -0.38] [%clk 0:26:05] } 41... Qc6+ { [%eval -0.31] [%clk 0:38:14] } 42. Kh2 { [%eval -0.35] [%clk 0:26:05] } 42... Rb8 { [%eval 0.0] [%clk 0:32:47] } 43. Rd5 { [%eval 0.0] [%clk 0:23:32] } 43... Rb7 { [%eval 0.0] [%clk 0:31:09] } 44. Qe5 { [%eval -0.39] [%clk 0:14:49] } 44... Qe6 { [%eval -0.39] [%clk 0:24:19] } 45. Qd4 { [%eval -0.36] [%clk 0:13:57] } 45... Qe8 { [%eval 0.0] [%clk 0:19:57] } 46. Rd6 { [%eval 0.0] [%clk 0:12:50] } 46... Qb8 { [%eval 0.0] [%clk 0:19:35] } 47. Kg1 { [%eval 0.0] [%clk 0:11:08] } 47... Rc7 { [%eval 0.0] [%clk 0:14:39] } 48. Rxd7 { [%eval 0.0] [%clk 0:09:14] } 48... Rxd7 { [%eval 0.0] [%clk 0:14:14] } 49. Qxd7 { [%eval 0.0] [%clk 0:09:38] } 49... Qa8 { [%eval 0.0] [%clk 0:14:02] } 50. Qb5 { [%eval 0.0] [%clk 0:07:50] } 50... Qd8 { [%eval 0.0] [%clk 0:14:23] } 51. Kg2 { [%eval 0.0] [%clk 0:08:05] } 51... Qc7 { [%eval 0.0] [%clk 0:14:04] } 52. Qe8+ { [%eval 0.0] [%clk 0:08:03] } 52... Kg7 { [%eval 0.0] [%clk 0:14:29] } 53. Qe4 { [%eval 0.0] [%clk 0:08:22] } 53... Qc5 { [%eval 0.0] [%clk 0:14:36] } 54. Kf1 { [%eval 0.0] [%clk 0:07:15] } 54... f5 { [%eval 0.0] [%clk 0:14:23] } 55. Qb7+ { [%eval 0.0] [%clk 0:07:16] } 55... Kh6 { [%eval 0.0] [%clk 0:14:47] } 56. Qa8 { [%eval 0.0] [%clk 0:07:28] } 56... Qd4 { [%eval 0.0] [%clk 0:14:28] } 57. Qf8+ { [%eval 0.0] [%clk 0:04:32] } 57... Kh5 { [%eval 0.0] [%clk 0:14:33] } 58. Qa3 { [%eval 0.0] [%clk 0:04:47] } 58... Qe4 { [%eval 0.0] [%clk 0:12:58] } 59. Qb3 { [%eval 0.0] [%clk 0:01:26] } 59... Qc6 { [%eval 0.0] [%clk 0:12:20] } 60. Ke2 { [%eval 0.0] [%clk 0:01:09] } 60... Qd6 { [%eval 0.0] [%clk 0:12:20] } 61. Qc4 { [%eval 0.0] [%clk 0:00:43] } 61... Qe5+ { [%eval 0.0] [%clk 0:10:22] } 62. Kd2 { [%eval 0.0] [%clk 0:00:38] } 62... Kg5 { [%eval 0.0] [%clk 0:10:15] } 63. Qc6 { [%eval 0.0] [%clk 0:00:36] } 63... Qd4+ { [%eval 0.0] [%clk 0:09:57] } 64. Ke2 { [%eval 0.0] [%clk 0:00:55] } 64... Qb2+ { [%eval 0.0] [%clk 0:08:54] } 65. Kf3 { [%eval 0.0] [%clk 0:00:44] } 65... Qb1 { [%eval 0.0] [%clk 0:09:06] } 66. Qc4 { [%eval 0.0] [%clk 0:00:40] } 66... Qh1+ { [%eval 0.0] [%clk 0:08:53] } 67. Kg3 { [%eval -0.05] [%clk 0:00:53] } 67... Qg1+ { [%eval -0.02] [%clk 0:09:17] } 68. Kf3 { [%eval -0.09] [%clk 0:01:15] } 68... Qh2 { [%eval 0.0] [%clk 0:09:33] } 69. Qc1+ { [%eval 0.0] [%clk 0:01:17] } 69... Kh5 { [%eval 0.0] [%clk 0:09:42] } 70. Qf1 { [%eval 0.0] [%clk 0:00:49] } 70... g5 { [%eval 0.0] [%clk 0:06:36] } 71. Ke3?? { [%eval -3.77] } { Blunder. Qb5 was best. } { [%clk 0:00:37] } (71. Qb5 Qxh3+ 72. Ke2 Qg4+ 73. Kf1 Qe4 74. Qxb6 Qxa4 75. Qb8 Qc4+ 76. Kg1 Qe6 77. Qh8+ Kg6) 71... Qf4+ { [%eval -3.4] [%clk 0:06:30] } 72. Kd3 { [%eval -3.59] [%clk 0:00:52] } 72... Qxa4 { [%eval -3.73] [%clk 0:06:14] } 73. Qe2+ { [%eval -3.8] [%clk 0:00:53] } 73... Kh4 { [%eval -3.66] [%clk 0:06:36] } 74. Qb2?! { [%eval -5.46] } { Inaccuracy. Qe6 was best. } { [%clk 0:01:05] } (74. Qe6 Qd1+ 75. Kc4 Qf1+ 76. Kc3 Qxf2 77. Qh6+ Kg3 78. Qxg5+ Kxh3 79. Qh6+ Kg2 80. Kb3 f4) 74... Qe4+ { [%eval -4.4] [%clk 0:05:58] } 75. Kd2 { [%eval -5.37] [%clk 0:01:30] } 75... Kxh3 { [%eval -4.3] [%clk 0:05:14] } 76. Qxb6 { [%eval -5.39] [%clk 0:01:03] } 76... Kg2 { [%eval -5.39] [%clk 0:05:25] } 77. Qc5 { [%eval -5.57] [%clk 0:00:39] } 77... g4 { [%eval -6.36] [%clk 0:05:37] } 78. Qb6 { [%eval -6.08] [%clk 0:00:36] } 78... f4 { [%eval -6.06] [%clk 0:05:37] } 79. Qd8 { [%eval -6.48] [%clk 0:00:37] } 79... Qf3 { [%eval -5.95] [%clk 0:05:42] } 0-1

[Event "37th Reykjavik op"]
[Site "Reykjavik ISL"]
[Date "2024.03.18"]
[Round "6.20"]
[White "Zhu, Jiner"]
[Black "Loncke, Matthieu"]
[WhiteElo "2467"]
[BlackElo "2175"]
[Result "1-0"]
[EventDate "2024.03.15"]
[PlyCount "81"]

1. e4 { [%eval 0.13] [%clk 1:30:56] } 1... c5 { [%eval 0.33] [%clk 1:30:41] } 2. Nf3 { [%eval 0.22] [%clk 1:31:20] } 2... d6 { [%eval 0.0] [%clk 1:30:46] } 3. c3 { [%eval 0.0] [%clk 1:31:40] } 3... Nf6 { [%eval 0.0] [%clk 1:29:47] } 4. h3 { [%eval 0.0] [%clk 1:32:00] } 4... Nc6 { [%eval 0.04] [%clk 1:28:44] } 5. Bd3 { [%eval 0.03] [%clk 1:32:20] } 5... Qc7 { [%eval 0.3] [%clk 1:22:31] } 6. O-O { [%eval 0.09] [%clk 1:31:44] } 6... e6 { [%eval 0.36] [%clk 1:18:48] } 7. Re1 { [%eval 0.46] [%clk 1:29:45] } 7... d5 { [%eval 0.38] [%clk 1:14:31] } 8. e5 { [%eval 0.63] [%clk 1:29:37] } 8... Nd7 { [%eval 0.64] [%clk 1:14:44] } 9. Bb5 { [%eval 0.6] [%clk 1:29:05] } 9... c4 { [%eval 0.63] [%clk 1:05:16] } 10. d4 { [%eval 0.61] [%clk 1:28:46] } 10... cxd3 { [%eval 0.62] [%clk 1:05:24] } 11. Bf4 { [%eval 0.53] [%clk 1:22:51] } 11... a6 { [%eval 0.83] [%clk 0:53:54] } 12. Bxd3 { [%eval 0.94] [%clk 1:22:57] } 12... b5 { [%eval 1.46] [%clk 0:54:03] } 13. Nbd2 { [%eval 1.06] [%clk 1:21:29] } 13... Bb7 { [%eval 1.58] [%clk 0:53:41] } 14. Qe2 { [%eval 1.21] [%clk 1:14:21] } 14... Be7 { [%eval 1.57] [%clk 0:51:10] } 15. a3 { [%eval 1.25] [%clk 1:06:35] } 15... Na5 { [%eval 1.44] [%clk 0:48:43] } 16. b4 { [%eval 1.47] [%clk 1:04:32] } 16... Nc4 { [%eval 1.51] [%clk 0:48:13] } 17. a4? { [%eval -0.04] } { Mistake. Nb3 was best. } { [%clk 1:04:43] } (17. Nb3 Ndb6 18. Ng5 g6 19. Qg4 Bf8 20. Nd4 O-O-O 21. Bg3 Qd7 22. Bxc4 dxc4 23. Bh4 Re8) 17... Ndb6?? { [%eval 1.87] } { Blunder. Nb2 was best. } { [%clk 0:41:27] } (17... Nb2) 18. axb5 { [%eval 1.95] [%clk 1:00:03] } 18... axb5 { [%eval 2.46] [%clk 0:41:18] } 19. Nd4 { [%eval 2.04] [%clk 1:00:25] } 19... Qd7 { [%eval 2.65] [%clk 0:40:41] } 20. Rxa8+ { [%eval 2.63] [%clk 0:59:56] } 20... Bxa8 { [%eval 2.59] [%clk 0:41:01] } 21. Qg4 { [%eval 2.53] [%clk 1:00:04] } 21... g5?! { [%eval 3.53] } { Inaccuracy. Bf8 was best. } { [%clk 0:35:52] } (21... Bf8 22. h4 Kd8 23. N2b3 Na4 24. Nc5 Nxc5 25. bxc5 g6 26. Bg5+ Kc8 27. Bf6 Rg8 28. Ra1) 22. Bh2?! { [%eval 2.23] } { Inaccuracy. Bxg5 was best. } { [%clk 0:57:29] } (22. Bxg5) 22... h5 { [%eval 2.33] [%clk 0:34:54] } 23. Qe2 { [%eval 2.33] [%clk 0:57:49] } 23... Na4 { [%eval 2.19] [%clk 0:33:07] } 24. Nb1?! { [%eval 1.43] } { Inaccuracy. Rc1 was best. } { [%clk 0:48:13] } (24. Rc1 Bc6 25. f4 g4 26. N2b3 Rg8 27. Kh1 Kd8 28. f5 Bg5 29. Ra1 Be3 30. fxe6 fxe6) 24... Qb7 { [%eval 2.01] [%clk 0:29:35] } 25. Bc2?! { [%eval 0.9] } { Inaccuracy. f4 was best. } { [%clk 0:46:59] } (25. f4) 25... Qb6 { [%eval 0.79] [%clk 0:28:06] } 26. Bxa4 { [%eval 0.59] [%clk 0:41:40] } 26... bxa4 { [%eval 0.53] [%clk 0:28:07] } 27. Nd2 { [%eval 0.51] [%clk 0:42:03] } 27... Nxd2 { [%eval 0.66] [%clk 0:27:06] } 28. Qxd2 { [%eval 0.78] [%clk 0:42:25] } 28... Bc6 { [%eval 1.08] [%clk 0:25:37] } 29. Ra1?! { [%eval 0.47] } { Inaccuracy. f4 was best. } { [%clk 0:42:48] } (29. f4) 29... Bd7 { [%eval 0.46] [%clk 0:24:30] } 30. Qe2?! { [%eval -0.16] } { Inaccuracy. h4 was best. } { [%clk 0:36:01] } (30. h4 gxh4) 30... Qc7 { [%eval -0.02] [%clk 0:16:43] } 31. Qe3 { [%eval -0.14] [%clk 0:35:30] } 31... Qc4 { [%eval -0.2] [%clk 0:16:10] } 32. f4 { [%eval -0.3] [%clk 0:34:39] } 32... gxf4?! { [%eval 0.36] } { Inaccuracy. g4 was best. } { [%clk 0:15:04] } (32... g4) 33. Bxf4 { [%eval 0.3] [%clk 0:35:03] } 33... Rg8 { [%eval 0.2] [%clk 0:15:15] } 34. Kh2 { [%eval 0.21] [%clk 0:32:39] } 34... Bd8 { [%eval 0.34] [%clk 0:14:06] } 35. Qf3 { [%eval 0.47] [%clk 0:30:58] } 35... Bb6 { [%eval 0.78] [%clk 0:12:16] } 36. Rf1 { [%eval 0.62] [%clk 0:31:08] } 36... Bxd4?? { [%eval 2.53] } { Blunder. Bc7 was best. } { [%clk 0:10:15] } (36... Bc7) 37. cxd4 { [%eval 2.6] [%clk 0:31:32] } 37... Qxd4?! { [%eval 3.87] } { Inaccuracy. Kd8 was best. } { [%clk 0:09:20] } (37... Kd8 38. Rc1) 38. Bg3 { [%eval 3.86] [%clk 0:27:11] } 38... Rf8 { [%eval 4.43] [%clk 0:09:18] } 39. Qf6 { [%eval 4.18] [%clk 0:26:35] } 39... Qxb4? { [%eval 7.99] } { Mistake. Bb5 was best. } { [%clk 0:08:46] } (39... Bb5 40. Bh4 Qxh4 41. Qxh4 Bxf1 42. Qf2 Bb5 43. Qc5 Bd7 44. b5 Bxb5 45. Qxb5+ Ke7 46. Qc5+) 40. Bh4 { [%eval 7.28] [%clk 0:26:38] } 40... Qb6 { [%clk 0:05:59] } 41. Qe7# { [%clk 0:26:05] } 1-0

[Event "37th Reykjavik op"]
[Site "Reykjavik ISL"]
[Date "2024.03.18"]
[Round "6.21"]
[White "Stefansson, Vignir Vatnar"]
[Black "Mardell, Jimmy"]
[WhiteElo "2464"]
[BlackElo "2172"]
[Result "0-1"]
[EventDate "2024.03.15"]
[PlyCount "114"]

1. Nf3 { [%eval 0.2] [%clk 1:23:02] } 1... d5 { [%eval 0.2] [%clk 1:30:21] } 2. c4 { [%eval 0.0] [%clk 1:23:14] } 2... c6 { [%eval 0.37] [%clk 1:29:18] } 3. g3 { [%eval 0.0] [%clk 1:23:32] } 3... Nf6 { [%eval 0.3] [%clk 1:28:38] } 4. Bg2 { [%eval 0.14] [%clk 1:23:37] } 4... Bf5 { [%eval 0.55] [%clk 1:22:01] } 5. b3?! { [%eval 0.0] } { Inaccuracy. Qb3 was best. } { [%clk 1:16:19] } (5. Qb3 Qb6 6. d3 e6 7. Be3 Qxb3 8. axb3 a6 9. Nh4 Bg6) 5... e6 { [%eval 0.0] [%clk 1:20:12] } 6. Bb2 { [%eval -0.24] [%clk 1:16:30] } 6... Be7 { [%eval 0.0] [%clk 1:19:58] } 7. O-O { [%eval 0.0] [%clk 1:16:47] } 7... O-O { [%eval -0.06] [%clk 1:20:05] } 8. d3 { [%eval -0.08] [%clk 1:17:04] } 8... h6 { [%eval -0.15] [%clk 1:11:17] } 9. Nbd2 { [%eval -0.1] [%clk 1:16:54] } 9... Nbd7 { [%eval -0.15] [%clk 1:04:20] } 10. Re1 { [%eval -0.15] [%clk 1:16:15] } 10... Bh7 { [%eval -0.17] [%clk 0:59:32] } 11. Qc2 { [%eval -0.32] [%clk 1:15:21] } 11... a5 { [%eval -0.29] [%clk 0:54:28] } 12. a3 { [%eval -0.29] [%clk 1:13:23] } 12... Re8 { [%eval -0.25] [%clk 0:54:08] } 13. Rad1 { [%eval -0.4] [%clk 1:10:43] } 13... e5 { [%eval -0.15] [%clk 0:48:44] } 14. cxd5 { [%eval -0.5] [%clk 1:05:48] } 14... cxd5 { [%eval -0.39] [%clk 0:49:00] } 15. Nxe5 { [%eval -0.39] [%clk 1:04:56] } 15... Nxe5 { [%eval -0.19] [%clk 0:49:21] } 16. Bxe5 { [%eval -0.14] [%clk 1:05:17] } 16... Bxa3 { [%eval -0.29] [%clk 0:49:00] } 17. Bd4 { [%eval -0.31] [%clk 0:55:27] } 17... Rc8 { [%eval -0.35] [%clk 0:46:26] } 18. Qa2 { [%eval -0.32] [%clk 0:55:33] } 18... Bb4 { [%eval -0.34] [%clk 0:46:20] } 19. Qb2 { [%eval -0.63] [%clk 0:55:41] } 19... Rc6 { [%eval -0.25] [%clk 0:42:38] } 20. Kf1?! { [%eval -1.33] } { Inaccuracy. Bf1 was best. } { [%clk 0:53:32] } (20. Bf1) 20... Qe7 { [%eval -1.22] [%clk 0:30:40] } 21. e4?! { [%eval -2.05] } { Inaccuracy. Bxf6 was best. } { [%clk 0:47:20] } (21. Bxf6 Qxf6) 21... dxe4 { [%eval -2.14] [%clk 0:22:48] } 22. dxe4 { [%eval -2.17] [%clk 0:47:21] } 22... Qc7 { [%eval -1.93] [%clk 0:14:18] } 23. Bxf6 { [%eval -2.38] [%clk 0:43:28] } 23... Rxf6 { [%eval -2.28] [%clk 0:14:23] } 24. Re2?! { [%eval -3.43] } { Inaccuracy. e5 was best. } { [%clk 0:43:44] } (24. e5 Bd3+ 25. Kg1 Rfe6 26. Nf3 Bxe1 27. Rxd3 Bb4 28. Bh3 R6e7 29. e6 Rxe6 30. Bxe6 Rxe6) 24... Qd7?! { [%eval -2.52] } { Inaccuracy. Rd6 was best. } { [%clk 0:08:26] } (24... Rd6 25. Rc1 Qd7 26. Nf3 Rxe4 27. Kg1 Rd1+ 28. Bf1 Rxe2 29. Rxd1 Qxd1 30. Qxe2 Qxe2 31. Bxe2) 25. Rc1?! { [%eval -3.35] } { Inaccuracy. e5 was best. } { [%clk 0:42:00] } (25. e5 Bg6) 25... Rd6 { [%eval -3.42] [%clk 0:08:07] } 26. Nf3 { [%eval -3.42] [%clk 0:39:12] } 26... Bxe4 { [%eval -3.39] [%clk 0:07:32] } 27. Ne1?! { [%eval -4.58] } { Inaccuracy. Kg1 was best. } { [%clk 0:39:23] } (27. Kg1 Rd1+ 28. Rxd1 Qxd1+ 29. Bf1 Re7 30. Qd4 Bd3 31. Qd8+ Kh7 32. Re1 Rxe1 33. Nxe1 Be2) 27... Bf5 { [%eval -3.82] [%clk 0:05:01] } 28. Rxe8+ { [%eval -3.82] [%clk 0:37:20] } 28... Qxe8 { [%eval -3.82] [%clk 0:05:27] } 29. Nf3 { [%eval -3.89] [%clk 0:37:46] } 29... b5?! { [%eval -2.83] } { Inaccuracy. Qd8 was best. } { [%clk 0:02:23] } (29... Qd8 30. Kg1 Rd1+ 31. Bf1 Be6 32. Rxd1 Qxd1 33. Nd4 Bd7 34. Ne2 Bc5 35. Qc1 Qxc1 36. Nxc1) 30. Kg1 { [%eval -2.64] [%clk 0:37:43] } 30... Qd7 { [%eval -2.5] [%clk 0:02:22] } 31. Qa1?! { [%eval -3.4] } { Inaccuracy. Qe2 was best. } { [%clk 0:38:06] } (31. Qe2 Re6 32. Ne5 Qe8 33. f4 Rd6 34. Be4 Be6 35. Qf3 Rd2 36. Qe3 g6 37. h4 Kg7) 31... Bc2 { [%eval -3.55] [%clk 0:01:15] } 32. Bf1 { [%eval -3.48] [%clk 0:38:19] } 32... Rd1?! { [%eval -2.5] } { Inaccuracy. Bxb3 was best. } { [%clk 0:01:00] } (32... Bxb3 33. h3 Rd1 34. Ne5 Qd5 35. Rc8+ Kh7 36. Rc1 a4 37. Qb1+ Kg8 38. Nd3) 33. Rxd1?! { [%eval -3.87] } { Inaccuracy. Nd4 was best. } { [%clk 0:35:43] } (33. Nd4 Bc3 34. Qxc3 Rxc1 35. Nxc2 a4 36. bxa4 bxa4 37. Qc4 Qf5 38. Qxa4 Qxc2 39. Qe8+ Kh7) 33... Qxd1 { [%eval -3.87] [%clk 0:01:26] } 34. Qxd1 { [%eval -3.8] [%clk 0:35:18] } 34... Bxd1 { [%eval -3.74] [%clk 0:01:52] } 35. Nd4 { [%eval -3.71] [%clk 0:35:45] } 35... a4 { [%eval -3.86] [%clk 0:01:24] } 36. bxa4 { [%eval -3.8] [%clk 0:35:30] } 36... bxa4 { [%eval -3.82] [%clk 0:01:49] } 37. Bc4 { [%eval -4.08] [%clk 0:35:58] } 37... Bc5 { [%eval -3.98] [%clk 0:01:27] } 38. Nb5 { [%eval -4.07] [%clk 0:36:19] } 38... Bb3 { [%eval -3.99] [%clk 0:00:43] } 39. Bxb3 { [%eval -4.42] [%clk 0:36:25] } 39... axb3 { [%eval -4.4] [%clk 0:01:09] } 40. Nc3 { [%eval -4.18] [%clk 0:36:53] } 40... Bd4 { [%eval -4.33] [%clk 0:00:47] } 41. Nb1 { [%eval -4.32] [%clk 0:37:11] } 41... f5 { [%eval -4.28] [%clk 0:29:36] } 42. Kf1 { [%eval -4.22] [%clk 1:07:35] } 42... Kf7 { [%eval -4.12] [%clk 0:29:59] } 43. Ke2 { [%eval -4.24] [%clk 1:08:00] } 43... Ke6 { [%eval -3.77] [%clk 0:30:17] } 44. f3 { [%eval -4.0] [%clk 1:08:23] } 44... g5 { [%eval -3.97] [%clk 0:27:00] } 45. h3 { [%eval -4.6] [%clk 1:07:17] } 45... h5 { [%eval -4.66] [%clk 0:19:07] } 46. Nd2 { [%eval -4.92] [%clk 1:07:09] } 46... b2 { [%eval -5.11] [%clk 0:19:22] } 47. Kd3 { [%eval -5.13] [%clk 1:07:34] } 47... Kd5 { [%eval -5.05] [%clk 0:19:17] } 48. Kc2 { [%eval -5.25] [%clk 1:06:27] } 48... Bf6 { [%eval -5.26] [%clk 0:08:54] } 49. Kd3 { [%eval -5.15] [%clk 1:06:29] } 49... Be5 { [%eval -5.08] [%clk 0:08:04] } 50. g4 { [%eval -5.4] [%clk 1:06:22] } 50... fxg4 { [%eval -5.39] [%clk 0:07:07] } 51. fxg4 { [%eval -5.39] [%clk 1:06:47] } 51... h4 { [%eval -5.4] [%clk 0:07:08] } 52. Nb1 { [%eval -5.39] [%clk 1:04:45] } 52... Bf4 { [%eval -5.44] [%clk 0:05:48] } 53. Nc3+ { [%eval -5.35] [%clk 1:02:59] } 53... Ke5 { [%eval -5.64] [%clk 0:06:13] } 54. Ke2 { [%eval -7.03] [%clk 1:03:14] } 54... Bc1 { [%eval -7.03] [%clk 0:05:54] } 55. Nb1 { [%eval -6.72] [%clk 1:03:38] } 55... Kf4 { [%eval -7.42] [%clk 0:06:12] } 56. Kf2 { [%eval -7.12] [%clk 1:04:03] } 56... Be3+ { [%eval -6.96] [%clk 0:06:23] } 57. Ke2 { [%eval -6.95] [%clk 1:04:05] } 57... Bc5 { [%eval -6.39] [%clk 0:06:05] } 0-1